Investovanie do malého rekreačného zariadenia v období pandémie Covid-19 diplomová práca

Guardado en:
Detalles Bibliográficos
Autor principal: Grigliak, Peter
Autor Corporativo: Podnikovohospodárska fakulta EU so sídlom v Košiciach. Katedra kvantitatívnych metód
Otros Autores: Tkáč, Michal, 1958-
Formato: Libro
Lenguaje:eslovaco
Publicado: Košice 2022
Etiquetas: Agregar Etiqueta
Sin Etiquetas, Sea el primero en etiquetar este registro!

MARC

LEADER 00000nbm a2200000 4500
001 0284862
005 20230510132952.9
041 0 |a slo 
044 |a SK 
245 1 0 |a Investovanie do malého rekreačného zariadenia v období pandémie Covid-19  |b diplomová práca  |c Peter Grigliak ; školiteľ: Michal Tkáč 
264 1 |a Košice  |c 2022 
300 |a 51 s. 
100 1 |a Grigliak, Peter 
700 1 |a Tkáč, Michal, 1958- 
710 2 |a Podnikovohospodárska fakulta EU so sídlom v Košiciach. Katedra kvantitatívnych metód